| 000 | 00583nam a2200193Ia 4500 | ||
|---|---|---|---|
| 005 | 20260120124600.0 | ||
| 008 | 008 260114s9999 xx 000 0 eng d | ||
| 020 | _a9780857240613 | ||
| 037 | _aEBOOK | ||
| 040 |
_aCRL _beng _cCRL |
||
| 041 |
_aeng _2eng |
||
| 084 | _qCRL | ||
| 245 | 0 | _aEnglish, Irish and Subversives among the Dismal Scientists | |
| 260 |
_bEmerald Publishing _c2010 |
||
| 700 |
_aNoel W. Thompson _9908036 |
||
| 856 | _uhttps://www.emerald.com/insight/publication/doi/10.1108/S0743-4154(2010)28_Part_2 | ||
| 942 | _cEBOOK | ||
| 999 |
_c1499925 _d1499925 |
||